000 00480nam a2200193Ia 4500
003 OSt
005 20140312100057.0
008 140130s9999 xx 000 0 und d
050 _aPR 2829
_b.C464 2001
100 _aChaplin, Alison
245 _cChaplin, Alison
_aHamlet the murder mystery /
260 _bScholastic,
_c2001.
_aClarendon Avenue :
300 _a64 p. :
_bill. ;
_c29 cm
440 _v1
521 _aG5
526 _c700
942 _cBK
_2lcc
999 _c41936
_d41936